00277nam a2200133Ia 45000030006000000080041000060400015000471000011000622450022000732500010000952600009001055460012001140050017001260STCL150530s9999 xx 000 0 und d aSTCLcSTCL aAsimor aWorld of nitrogen aFirst c1962 aEnglish20220125171400.0